000 00784nam a22002777a 4500
001 BR9400216
003 BR-BrBNA
005 20230928093939.0
007 ta
008 230509b bl.||||| |||| 00| 0 por d
040 _aBR-BrBNA
_bpor
_cBiblioteca Nacional de Agricultura
041 _a(Por)
072 _aE20
090 _ E20 BR9400216
110 1 _aSecretaria de Agricultura do Estado de Sao Paulo, Sao Paulo (Brasil)
_98602
245 1 _aRelatorio do Projeto de Administracao Rural
260 3 _aSao Paulo, SP (Brasil):
_c[nd].
300 _a60 p.
500 _aSummary (Por)
650 _aPrograma de Desenvolvimento
650 _aProjeto Agricola
650 _aAdministracao Rural
650 _aSao Paulo
909 _a202309
_bLucia
_c55
_dLucia Elande
942 _cBK
999 _c48066
_d48066